The Shepherd of Salisbury Plain, and Other Tales (Record no. 260952)
[ view plain ]
| 000 -LEADER | |
|---|---|
| fixed length control field | 01696cam a22002653a 4500 |
| 001 - CONTROL NUMBER | |
| control field | 31697 |
| 003 - CONTROL NUMBER IDENTIFIER | |
| control field | PGUSA |
| 005 - DATE AND TIME OF LATEST TRANSACTION | |
| control field | 20140828083703.0 |
| 008 - FIXED-LENGTH DATA ELEMENTS--GENERAL INFORMATION | |
| fixed length control field | 100318s2010||||xxu|||||s|||||000 1 eng d |
| 040 ## - CATALOGING SOURCE | |
| Original cataloging agency | PGUSA |
| Language of cataloging | eng |
| 042 ## - AUTHENTICATION CODE | |
| Authentication code | dc |
| 050 #4 - LIBRARY OF CONGRESS CALL NUMBER | |
| Classification number | PR |
| 100 1# - MAIN ENTRY--PERSONAL NAME | |
| Personal name | More, Hannah, |
| Dates associated with a name | 1745-1833 |
| 245 14 - TITLE STATEMENT | |
| Title | The Shepherd of Salisbury Plain, and Other Tales |
| Medium | [electronic resource] / |
| Statement of responsibility, etc | Hannah More |
| 260 ## - PUBLICATION, DISTRIBUTION, ETC. (IMPRINT) | |
| Name of publisher, distributor, etc | Project Gutenberg, |
| Date of publication, distribution, etc | 2010 |
| 505 0# - FORMATTED CONTENTS NOTE | |
| Formatted contents note | Tales for the common people: The shepherd of Salisbury Plain. The two shoemakers. The history of Tom White, the post boy. The Sunday school. The history of Hester Wilmot, being the sequel to the Sunday school. The history of Betty Brown, the St. Giles's orange girl; with some accoung of Mrs. Sponge, the money-lender. Black Giles the poacher; containing some account of a family who had rather live by their wits than their work. Tawney Rachel, or the fortune-teller; with some account of dreams, omens, and conjurers -- Stories for persons of middle rank: The history of Mr. Fantom (the new-fashioned philosopher), and his man William. The two wealthy farmers; or the history of Mr. Bragwell. 'Tis all for the best. A cure for melancholy -- Allegories: The pilgrims. The valley of tears. The strait gate and the broad way. Parley the porter. The grand assizes; or general jail delivery. The servant man turned soldier, or the fair-weather Christian. |
| 506 ## - RESTRICTIONS ON ACCESS NOTE | |
| Terms governing access | Public domain in the USA. |
| 516 ## - TYPE OF COMPUTER FILE OR DATA NOTE | |
| Type of computer file or data note | Electronic text |
| 653 ## - INDEX TERM--UNCONTROLLED | |
| Uncontrolled term | Conduct of life -- Fiction |
| 653 ## - INDEX TERM--UNCONTROLLED | |
| Uncontrolled term | Christian life -- Fiction |
| 653 ## - INDEX TERM--UNCONTROLLED | |
| Uncontrolled term | Short stories |
| 830 #0 - SERIES ADDED ENTRY--UNIFORM TITLE | |
| Uniform title | Project Gutenberg |
| Volume number/sequential designation | 31697 |
| 856 40 - ELECTRONIC LOCATION AND ACCESS | |
| Uniform Resource Identifier | <a href="http://www.gutenberg.org/ebooks/31697">http://www.gutenberg.org/ebooks/31697</a> |
| 942 ## - ADDED ENTRY ELEMENTS (KOHA) | |
| Koha item type | eBooks |
| Withdrawn status | Lost status | Damaged status | Home library | Current library | Date acquired | Total Checkouts | Date last seen | Price effective from | Koha item type |
|---|---|---|---|---|---|---|---|---|---|
| Project Gutenberg | Project Gutenberg | 08/28/2014 | 08/28/2014 | 08/28/2014 | eBooks |